000 00493nmm a2200157Ia 4500
008 251105s9999||||xx |||||||||||||||||und||
020 _a9788496356832
041 _aspa
100 _aBroncano, Fernando
245 0 _aEntre ingenieros y ciudadanos: Filosofía de la técnica para días de democracia
264 _a[Madrid, España] :
_bMontesinos,
_c2006
300 _a240 páginas
650 _aPhilosophy, Ethics
856 _uhttps://public.digitaliapublishing.com/a/60051
942 _cCF
999 _c89822
_d89822